[Event "Giraldilla de La Habana op"]
[Site "Havana"]
[Date "2018.08.02"]
[Round "8"]
[White "Gonzalez Porro, Armando Andres"]
[Black "Suarez Medina, Luis Antonio"]
[Result "0-1"]
[WhiteElo "2071"]
[BlackElo "2008"]
[PlyCount "26"]
[EventDate "2018.07.28"]
[EventType "swiss"]
[EventRounds "9"]
[EventCountry "CUB"]
[SourceTitle "EXT 2021"]
[Source "ChessBase"]
[SourceDate "2020.10.23"]
[SourceVersion "1"]
[SourceVersionDate "2020.10.23"]
[SourceQuality "1"]

1. e4 e5 2. Nf3 Nc6 3. Bb5 a6 4. Ba4 Nf6 5. 0-0 Nxe4 6. Bxc6 dxc6 7. Nxe5 Be7 8. Qf3 Nd6 9. Nc3 0-0 10. d3 Nf5 11. Bf4 Nd4 12. Qd1 Bd6 13. Re1 f6 0-1

[Event "Giraldilla de La Habana op"]
[Site "Havana"]
[Date "2018.07.31"]
[Round "6"]
[White "Reyes Pedro, Manuel Enrique"]
[Black "Gonzalez Porro, Armando Andres"]
[Result "0-1"]
[WhiteElo "1932"]
[BlackElo "2071"]
[PlyCount "42"]
[EventDate "2018.07.28"]
[EventType "swiss"]
[EventRounds "9"]
[EventCountry "CUB"]
[SourceTitle "EXT 2021"]
[Source "ChessBase"]
[SourceDate "2020.10.23"]
[SourceVersion "1"]
[SourceVersionDate "2020.10.23"]
[SourceQuality "1"]

1. d4 Nf6 2. c4 e6 3. Nc3 b6 4. Nf3 Bb7 5. e3 d5 6. Bd3 Bd6 7. 0-0 0-0 8. Re1 Ne4 9. Bxe4 dxe4 10. Nd2 f5 11. f4 Nd7 12. a3 Nf6 13. b4 a5 14. Rb1 Bxf4 15. bxa5 Bxh2+ 16. Kxh2 Ng4+ 17. Kg3 Qg5 18. Ndxe4 Qg6 19. Ng5 Qxg5 20. e4 Ne3+ 21. Kh3 Qxg2+ 0-1

[Event "Giraldilla de La Habana op"]
[Site "Havana"]
[Date "2018.07.30"]
[Round "5"]
[White "Gonzalez Porro, Armando Andres"]
[Black "Torrez Uriarte, Reinier"]
[Result "0-1"]
[WhiteElo "2071"]
[BlackElo "2073"]
[PlyCount "57"]
[EventDate "2018.07.28"]
[EventType "swiss"]
[EventRounds "9"]
[EventCountry "CUB"]
[SourceTitle "EXT 2021"]
[Source "ChessBase"]
[SourceDate "2020.10.23"]
[SourceVersion "1"]
[SourceVersionDate "2020.10.23"]
[SourceQuality "1"]

1. d4 Nf6 2. Nf3 g6 3. b3 Bg7 4. Bb2 d5 5. e3 0-0 6. Bd3 Nbd7 7. Nbd2 b6 8. 0-0 Bb7 9. c4 e6 10. Qc2 c5 11. Rfd1 Rc8 12. Rac1 cxd4 13. exd4 Nh5 14. Ba3 Re8 15. Bd6 Bh6 16. g3 Ng7 17. Ne5 Nf5 18. Bxf5 exf5 19. Re1 Nxe5 20. dxe5 dxc4 21. bxc4 Qd7 22. Rcd1 f6 23. f4 fxe5 24. c5 e4 25. Qb3+ Qf7 26. Qxf7+ Kxf7 27. Nc4 bxc5 28. Ne5+ Ke6 29. Bxc5 0-1

[Event "Giraldilla de La Habana op"]
[Site "Havana"]
[Date "2018.07.28"]
[Round "2"]
[White "Nieto Rego, Ana"]
[Black "Gonzalez Porro, Armando Andres"]
[Result "0-1"]
[WhiteElo "2009"]
[BlackElo "2071"]
[PlyCount "59"]
[EventDate "2018.07.28"]
[EventType "swiss"]
[EventRounds "9"]
[EventCountry "CUB"]
[SourceTitle "EXT 2021"]
[Source "ChessBase"]
[SourceDate "2020.10.23"]
[SourceVersion "1"]
[SourceVersionDate "2020.10.23"]
[SourceQuality "1"]

1. e4 c5 2. b3 Nc6 3. Bb2 d6 4. Bb5 Nf6 5. d3 e5 6. a4 Bd7 7. Nc3 a6 8. Bc4 Nd4 9. Bd5 Rb8 10. a5 Be7 11. Nge2 Bg4 12. f3 Nxd5 13. Nxd5 Bh4+ 14. Ng3 Be6 15. Bc1 Bxd5 16. exd5 Nf5 17. Kf2 Qf6 18. Ra4 h5 19. f4 Nd4 20. Re1 0-0 21. Kg1 exf4 22. Nxh5 Qf5 23. Re4 Rbe8 24. Bxf4 Rxe4 25. dxe4 Qxe4 26. g3 Qxd5 27. Qg4 Bg5 28. c3 Ne6 29. Bxg5 Qxg5 30. Qe2 0-1

[Event "Portela Memorial tt"]
[Site "Havana"]
[Date "2018.07.19"]
[Round "3.3"]
[White "Gonzalez Porro, Armando Andres"]
[Black "Pulido Alvarez, Ariel"]
[Result "0-1"]
[WhiteElo "2071"]
[BlackElo "2289"]
[PlyCount "138"]
[EventDate "2018.07.16"]
[EventType "team-tourn"]
[EventRounds "9"]
[EventCountry "CUB"]
[SourceTitle "EXT 2021"]
[Source "ChessBase"]
[SourceDate "2020.10.23"]
[SourceVersion "1"]
[SourceVersionDate "2020.10.23"]
[SourceQuality "1"]

1. e4 c5 2. Nf3 e6 3. d4 cxd4 4. Nxd4 a6 5. Bd3 Nf6 6. Nc3 d6 7. 0-0 Be7 8. Be3 0-0 9. a4 b6 10. Qe2 Bb7 11. f3 Qc7 12. Qf2 Nbd7 13. Rfd1 Rfe8 14. Kh1 Ne5 15. Nde2 Nfd7 16. Qg3 Rac8 17. Bd4 Ng6 18. f4 e5 19. Be3 Bf6 20. f5 Ne7 21. Bg5 Qd8 22. Bxf6 Nxf6 23. Qf3 d5 24. Ng3 Nc6 25. Nxd5 Nxd5 26. exd5 Nb4 27. c4 Qh4 28. Ne4 Red8 29. b3 Rc7 30. Qg3 Qxg3 31. hxg3 Bc8 32. g4 h5 33. gxh5 Nxd3 34. Rxd3 Bxf5 35. Re3 b5 36. axb5 axb5 37. Nd2 bxc4 38. bxc4 f6 39. Rea3 e4 40. Ra7 Rxa7 41. Rxa7 e3 42. Nf3 Rc8 43. Re7 Rxc4 44. Rxe3 Rc5 45. d6 Rd5 46. Nh4 Bg4 47. Re8+ Kh7 48. Kh2 Rxd6 49. Kg3 Bxh5 50. Re3 Rd5 51. Nf3 g5 52. Rc3 Kg6 53. Ra3 Rd6 54. Ra4 Rb6 55. Nd4 Rd6 56. Rc4 Ra6 57. Rc3 Rd6 58. Rc4 Bd1 59. Nf3 Rd3 60. Rd4 Rxd4 61. Nxd4 f5 62. Kf2 Kf6 63. Ke1 Ba4 64. Ne2 Ke5 65. Kf2 Bb5 66. Ng1 g4 67. g3 Kd4 68. Ne2+ Bxe2 69. Kxe2 Ke4 0-1

[Event "Maria Teresa Mora Memorial op"]
[Site "Havana"]
[Date "2018.03.08"]
[Round "2"]
[White "Gonzalez Porro, Armando Andres"]
[Black "Barroso Abreu, German"]
[Result "1-0"]
[WhiteElo "2056"]
[BlackElo "1926"]
[PlyCount "101"]
[EventDate "2018.03.08"]
[EventType "swiss"]
[EventRounds "9"]
[EventCountry "CUB"]
[SourceTitle "EXT 2021"]
[Source "ChessBase"]
[SourceDate "2020.10.23"]
[SourceVersion "1"]
[SourceVersionDate "2020.10.23"]
[SourceQuality "1"]

1. d4 e6 2. c4 d5 3. Nf3 Nf6 4. Nc3 Nbd7 5. cxd5 exd5 6. Bg5 c6 7. e3 Bd6 8. Bd3 0-0 9. Qc2 Re8 10. Bxh7+ Kh8 11. Bd3 Qc7 12. h4 Ng4 13. 0-0-0 f6 14. Bg6 Re7 15. Kb1 Nf8 16. Bd3 b5 17. Bf4 Bxf4 18. exf4 Qxf4 19. Rde1 Rxe1+ 20. Rxe1 Bd7 21. Ne2 Qd6 22. Ng3 Nh6 23. Nf5 Nxf5 24. Bxf5 a5 25. Bxd7 Qxd7 26. Qe2 a4 27. Qc2 Ne6 28. g3 Nf8 29. h5 b4 30. Nh4 Re8 31. Rc1 c5 32. Qxc5 b3 33. Ng6+ Nxg6 34. hxg6 Qf5+ 35. Ka1 Kg8 36. Qc6 Qxg6 37. Qxa4 bxa2 38. Qc6 Qe4 39. Qc3 Qe2 40. Qb3 Rd8 41. Qe3 Re8 42. Qxe2 Rxe2 43. Rf1 Rd2 44. Kxa2 Rxd4 45. Kb3 Kf7 46. Kc3 Rc4+ 47. Kd3 Ke6 48. Re1+ Kd6 49. b3 Rg4 50. Ra1 f5 51. Ra4 1-0

[Event "Aleman Memorial"]
[Site "Havana"]
[Date "2018.??.??"]
[Round "6"]
[White "Corujedo Hernandez, Rafael"]
[Black "Gonzalez Porro, Armando Andres"]
[Result "0-1"]
[WhiteElo "1872"]
[BlackElo "2081"]
[PlyCount "71"]
[EventDate "2018.02.02"]
[EventType "swiss"]
[EventRounds "7"]
[EventCountry "CUB"]
[SourceTitle "EXT 2021"]
[Source "ChessBase"]
[SourceDate "2020.10.23"]
[SourceVersion "1"]
[SourceVersionDate "2020.10.23"]
[SourceQuality "1"]

1. e4 Nf6 2. e5 Nd5 3. d4 d6 4. Nf3 Bf5 5. c4 Nb6 6. Bd3 Bxd3 7. Qxd3 Nc6 8. exd6 exd6 9. 0-0 Be7 10. Bd2 0-0 11. b3 Bf6 12. Bc3 a5 13. a3 Re8 14. d5 Ne5 15. Nxe5 Bxe5 16. Bxe5 Rxe5 17. Nd2 Qf6 18. Nf3 Re7 19. Nd4 Rae8 20. Rad1 g6 21. b4 axb4 22. axb4 Nd7 23. Nf3 Qf4 24. g3 Qe4 25. Qc3 Ne5 26. Nxe5 Rxe5 27. Ra1 Qg4 28. Ra7 Qh3 29. Ra2 h5 30. Raa1 Qg4 31. f3 Qf5 32. Ra3 Re2 33. Rf2 Qb1+ 34. Rf1 Re1 35. Rxe1 Rxe1+ 36. Kf2 0-1

[Event "Maria Teresa Mora Memorial op"]
[Site "Havana"]
[Date "2018.??.??"]
[Round "8"]
[White "Gonzalez Porro, Armando Andres"]
[Black "Morales Garcia, Alexei"]
[Result "0-1"]
[WhiteElo "2056"]
[BlackElo "2113"]
[PlyCount "99"]
[EventDate "2018.03.08"]
[EventType "swiss"]
[EventRounds "9"]
[EventCountry "CUB"]
[SourceTitle "EXT 2021"]
[Source "ChessBase"]
[SourceDate "2020.10.23"]
[SourceVersion "1"]
[SourceVersionDate "2020.10.23"]
[SourceQuality "1"]

1. e4 c5 2. Nf3 d6 3. d4 cxd4 4. Nxd4 Nf6 5. Nc3 g6 6. Be3 Bg7 7. Be2 a6 8. a4 0-0 9. 0-0 Nc6 10. f4 Bd7 11. Nxc6 Bxc6 12. Bf3 Nd7 13. Qd2 b5 14. axb5 axb5 15. Rae1 Nb6 16. b3 b4 17. Ne2 Rb8 18. Nd4 Ba8 19. Ra1 Nd7 20. Rae1 Nc5 21. e5 dxe5 22. fxe5 Bxf3 23. Nxf3 Qc7 24. Bh6 Rfd8 25. Qe3 Ne6 26. Bxg7 Kxg7 27. Ng5 Nxg5 28. Qxg5 Rd4 29. Rf3 h6 30. Qg3 Rf8 31. c4 bxc3 32. Rxc3 Qb6 33. Qe3 Rfd8 34. Rd3 Qb4 35. Rxd4 Qxd4 36. Qxd4 Rxd4 37. Kf2 Rb4 38. Re3 g5 39. Ke2 Kg6 40. Kd2 Kf5 41. Kc3 Rb8 42. b4 Rc8+ 43. Kb3 Ke6 44. Re2 Kd5 45. Ka4 Rc1 46. Kb5 Rb1 47. Ka5 Kc6 48. Rc2+ Kb7 49. Rd2 Re1 50. Rd7+ 0-1

[Event "Maria Teresa Mora Memorial op"]
[Site "Havana"]
[Date "2018.??.??"]
[Round "6"]
[White "Gonzalez Porro, Armando Andres"]
[Black "Santander Valle, David A"]
[Result "1-0"]
[WhiteElo "2056"]
[BlackElo "2009"]
[PlyCount "91"]
[EventDate "2018.03.08"]
[EventType "swiss"]
[EventRounds "9"]
[EventCountry "CUB"]
[SourceTitle "EXT 2021"]
[Source "ChessBase"]
[SourceDate "2020.10.23"]
[SourceVersion "1"]
[SourceVersionDate "2020.10.23"]
[SourceQuality "1"]

1. e4 c5 2. Nf3 d6 3. d4 cxd4 4. Nxd4 Nf6 5. Nc3 a6 6. a4 e5 7. Nf3 Be6 8. Bd3 Be7 9. 0-0 h6 10. h3 Nbd7 11. Be3 0-0 12. a5 Rc8 13. Qe2 d5 14. exd5 Nxd5 15. Nxd5 Bxd5 16. Bd2 Bd6 17. c4 Bc6 18. Bc2 Bb8 19. Bb4 Re8 20. Rfd1 Qf6 21. Nh2 Qg5 22. Qg4 Qxg4 23. Nxg4 h5 24. Ne3 Nf6 25. Nf5 Kh8 26. Ne7 Rc7 27. Nxc6 bxc6 28. Bc5 Rb7 29. Bb6 c5 30. b4 cxb4 31. c5 e4 32. Ba4 Rc8 33. c6 Re7 34. Rab1 Bc7 35. Rxb4 Rb8 36. Bb3 Kh7 37. Bc4 e3 38. fxe3 Ra8 39. Bxc7 Rxc7 40. Rb6 Rca7 41. Rb7 Kh6 42. Bxf7 Rxb7 43. cxb7 Rb8 44. Rb1 Nd7 45. Bd5 Nc5 46. Rc1 1-0